Nederland - Gemeenten in Zeeland - Statistieken

Algemene statistieken
  • Deze quiz is 107 keer genomen
  • De gemiddelde score is 8 van 13
Antwoordstatistieken
Antwoord % Correct
Middelburg
98%
Vlissingen
92%
Goes
85%
Terneuzen
77%
Tholen
64%
Hulst
62%
Sluis
59%
Veere
54%
Schouwen-Duiveland
48%
Borsele
39%
Kapelle
39%
Noord-Beveland
39%
Reimerswaal
33%
Geen overeenkomende quizzen gevonden
Scoreverdeling
Procent van Mensen met Elke Score
Percentiel versus Aantal Correcte Antwoorden
Uw Scoregeschiedenis
U heeft deze quiz nog niet genomen